000 00442nam a2200181 a 4500
005 20210219152938.0
008 991125n 000 0 u
035 _aUPN01000068168
100 _aLEVY-VALENSI, Eliane Amado
222 _aCORREO DE LA UNESCO
245 _aCómo decir yo
300 _a17-19
362 _a1993 Año 46, mar.
653 0 _aNEUROSIS
653 0 _aPSICOANALISIS
904 _aAC
_b005979
905 _aArticulo
999 _c64389
_d64389